000
00228nam a22000857a 4500
008
160711b xxu||||| |||| 00| 0 eng d
100
_9
2551
_a
Dickson, G.J.S
245
_a
Higgin's Technical Writing
260
_a
Allahabad
_b
Godwin
_c
2004
999
_c
2217
_d
2217